Environmental management for hotels : a student's handbook
Αποθηκεύτηκε σε:
| Κύριος συγγραφέας: | |
|---|---|
| Μορφή: | Βιβλίο |
| Γλώσσα: | English |
| Δημοσίευση: |
Oxford :
Butterworth-Heinemann,
c1996
|
| Θέματα: | |
| Ετικέτες: |
Προσθήκη ετικέτας
Δεν υπάρχουν, Καταχωρήστε ετικέτα πρώτοι!
|
MARC
| LEADER | 00000nam a2200000 i 4500 | ||
|---|---|---|---|
| 001 | 1/67184 | ||
| 008 | 981014s1996 eng d | ||
| 020 | |a 0750623802 | ||
| 035 | |l 10029961 | ||
| 040 | |a GR-MY-UA |b gre |e aacr | ||
| 041 | 0 | |a eng | |
| 082 | 0 | |a 647.940684 | |
| 100 | 1 | |a Kirk, David. | |
| 245 | 1 | 0 | |a Environmental management for hotels : |b a student's handbook / |c David Kirk |
| 260 | |a Oxford : |b Butterworth-Heinemann, |c c1996 | ||
| 300 | |a vii, 131 p. | ||
| 504 | |a Includes index | ||
| 650 | 0 | 0 | |a Hotel management |x Handbooks, manuals, etc. |
| 650 | 0 | 0 | |a Hotels |x Environmental aspects |x Handbooks, manuals, etc. |
| 650 | 0 | 0 | |a Environmental management |x Handbooks, manuals, etc. |
| 852 | |a INST |b CHIOS |e 19981014 |h 647.940684 KIR |p 005200015528 |q 005200015528 |t BK |y 0 | ||
| 901 | |a BIBL-1998-3 | ||
| 909 | |a Χ |b 059099 | ||
| 922 | |a 2ΕΛΗ |b 199809 |c ΑΛΕΞΑΚΗΣ |d ΠΑΠΑΣΩΤΗΡΙΟΥ | ||